[Event "Netanya op"]
[Site "Netanya"]
[Date "2019.06.26"]
[Round "4"]
[White "Smoliar, Klim"]
[Black "Aizenberg, Benny"]
[Result "0-1"]
[WhiteElo "1871"]
[BlackElo "2156"]
[PlyCount "68"]
[EventDate "2019.06.23"]
[EventType "swiss"]
[EventRounds "9"]
[EventCountry "ISR"]
[SourceTitle "CBM 191 Extra"]
[Source "ChessBase"]
[SourceDate "2019.09.30"]
[SourceVersion "1"]
[SourceVersionDate "2019.09.30"]
[SourceQuality "1"]

1. e4 c5 2. Nf3 g6 3. Nc3 Nc6 4. Bb5 Bg7 5. Bxc6 bxc6 6. d3 e6 7. Be3 Rb8 8. Bxc5 Rxb2 9. Bd4 Bxd4 10. Nxd4 Rb8 11. 0-0 Ne7 12. Qd2 0-0 13. f4 d5 14. Rab1 Ba6 15. Rxb8 Qxb8 16. f5 Qb4 17. f6 Qxd4+ 18. Kh1 Nf5 19. exf5 Qxf6 20. Na4 Rb8 21. Nc5 Bc8 22. d4 exf5 23. Qf4 Rb2 24. Qc7 Be6 25. c3 Re2 26. Qxa7 f4 27. Qb8+ Kg7 28. Nxe6+ Rxe6 29. Qb2 Qf5 30. a4 Qd3 31. Qa1 Re2 32. a5 Qe4 33. Rg1 f3 34. h3 fxg2+ 0-1